[Event "DEM U10/U10w 2013"]
[Site "Oberhof GER"]
[Date "2013.05.24"]
[Round "10"]
[White "Tong, Kevin"]
[Black "Kopylov, Daniel"]
[Result "0-1"]
[Termination "normal"]
[Board "1"]
[WhiteElo "1637"]
[BlackElo "1628"]
[PlyCount "120"]
[WhiteFideId "12913944"]
[BlackFideId "12921971"]
[EventCountry "GER"]
[EventRounds "11"]
[EventType "swiss"]
[EventDate "2013.05.18"]

1. e4 e6 2. d4 d5 3. Nc3 dxe4 4. Nxe4 Nd7 5. Bd3 Ngf6 6. Bg5 Be7 7. Qe2 Nxe4 8.
Bxe7 Qxe7 9. Bxe4 c5 10. O-O-O O-O 11. Nf3 cxd4 12. Nxd4 Nc5 13. Kb1 Nxe4 14.
Qxe4 e5 15. Rhe1 Qf6 16. Nf3 Re8 17. Qb4 Bh3 18. Rd6 Be6 19. Rxe5 Rac8 20. b3
Qg6 21. Qe4 Qxg2 22. Ng5 Qxe4 23. Nxe4 Bg4 24. Rxe8+ Rxe8 25. Kb2 h6 26. Nc5 b6
27. Nd3 Re2 28. Kc3 Bf5 29. Rd8+ Kh7 30. Ra8 Re7 31. Rd8 g5 32. a4 Kg6 33. b4
Rc7+ 34. Kd2 Be4 35. Ke3 Bb7 36. Kd2 Kh5 37. c3 Kh4 38. Rh8 h5 39. Ne5 Re7 40.
Nd3 Bf3 41. c4 Kh3 42. c5 h4 43. Rh6 bxc5 44. bxc5 Kxh2 45. Rf6 Be4 46. Nb4 Kg2
47. c6 h3 48. Na6 h2 49. c7 Bb7 50. Rc6 h1=Q 51. c8=Q Bxc8 52. Rxc8 Qe1+ 53.
Kc2 Qe2+ 54. Kb3 Qe6+ 55. Rc4 Qxa6 56. Rg4+ Kf1 57. Rg3 Re4 58. Kb2 Qc6 59. a5
Rb4+ 60. Ka2 Qa4+ 0-1

[Event "DEM U10/U10w 2013"]
[Site "Oberhof GER"]
[Date "2013.05.24"]
[Round "10"]
[White "Svane, Frederik"]
[Black "Keymer, Vincent"]
[Result "1/2-1/2"]
[Termination "normal"]
[Board "2"]
[WhiteElo "1715"]
[BlackElo "1861"]
[PlyCount "164"]
[WhiteFideId "12923044"]
[BlackFideId "12940690"]
[EventCountry "GER"]
[EventRounds "11"]
[EventType "swiss"]
[EventDate "2013.05.18"]

1. e4 c5 2. Nf3 e6 3. Nc3 a6 4. d4 cxd4 5. Nxd4 Qc7 6. g3 Nc6 7. Bg2 d6 8. O-O
Be7 9. Re1 Bd7 10. Kh1 Nf6 11. f4 Rd8 12. Nf3 O-O 13. Qe2 Bc8 14. e5 Nd7 15.
exd6 Bxd6 16. Ne4 Be7 17. Be3 b5 18. Nd4 Bb7 19. Rad1 Rc8 20. c3 Nb6 21. Nxc6
Bxc6 22. Bd4 Bd5 23. b3 f6 24. f5 exf5 25. Bxb6 Qxb6 26. Rxd5 fxe4 27. Qxe4 Ba3
28. c4 bxc4 29. bxc4 Qc6 30. Rh5 Qxe4 31. Bxe4 g6 32. Bd5+ Kh8 33. Rh4 f5 34.
Rf4 Rfe8 35. Rff1 Bb4 36. Rb1 a5 37. Rf2 Re3 38. Kg2 Rce8 39. Rc1 Bc5 40. Rcc2
Kg7 41. Kf1 Re1+ 42. Kg2 Bxf2 43. Kxf2 Rd1 44. Bf3 Rdd8 45. c5 Re7 46. c6 Rc7
47. Ke2 Kf6 48. Rc5 Re8+ 49. Kf2 Re5 50. Rc2 g5 51. a4 Ke6 52. Be2 Kd6 53. Bb5
Rf7 54. Rd2+ Kc7 55. Rd3 h5 56. Kf3 f4 57. gxf4 Rxf4+ 58. Kg2 Rf7 59. Rh3 g4
60. Rg3 Re4 61. h3 Rff4 62. Rd3 Rd4 63. Re3 Rfe4 64. Rc3 h4 65. hxg4 Rxg4+ 66.
Kh3 Rgf4 67. Re3 Rde4 68. Rd3 Rf7 69. Rd5 Rf3+ 70. Kg2 Rg3+ 71. Kh2 Rg7 72. Rh5
Rb4 73. Rh8 Re7 74. Ra8 Re3 75. Ra7+ Kb8 76. c7+ Kxa7 77. c8=Q Rb2+ 78. Kg1
Re1+ 79. Bf1 Rbb1 80. Qc7+ Ka8 81. Qc8+ Ka7 82. Qc7+ Ka8 1/2-1/2

[Event "DEM U10/U10w 2013"]
[Site "Oberhof GER"]
[Date "2013.05.24"]
[Round "10"]
[White "Graf, Justus Felix"]
[Black "Helmer, Jan"]
[Result "1-0"]
[Termination "normal"]
[Board "3"]
[WhiteElo "1489"]
[BlackElo "1570"]
[PlyCount "73"]
[WhiteFideId "12929212"]
[BlackFideId "12956686"]
[EventCountry "GER"]
[EventRounds "11"]
[EventType "swiss"]
[EventDate "2013.05.18"]

1. e4 e6 2. d4 d5 3. Nc3 dxe4 4. Nxe4 Bd7 5. Bd3 Bc6 6. Nf3 Nd7 7. Qe2 Be7 8.
Bd2 Ngf6 9. Ng3 Bd6 10. O-O-O Qe7 11. Rhg1 O-O-O 12. Ne5 Bxe5 13. dxe5 Nd5 14.
a3 Kb8 15. f4 Qh4 16. Qf2 Qe7 17. Ne4 b6 18. c4 a6 19. cxd5 Bxd5 20. Nc3 Nc5
21. Bc2 Bb3 22. Be3 Bxc2 23. Kxc2 Nb7 24. Rd2 Rxd2+ 25. Bxd2 Rd8 26. Be3 Qe8
27. Rd1 Rc8 28. Qd2 Qc6 29. g3 Na5 30. Qd7 Qxd7 31. Rxd7 Rf8 32. Ne4 Kc8 33.
Rd3 Kb7 34. Kc3 Kc6 35. b4 Nb7 36. a4 Rd8 37. Ng5 1-0

[Event "DEM U10/U10w 2013"]
[Site "Oberhof GER"]
[Date "2013.05.24"]
[Round "10"]
[White "Heckmann, Till"]
[Black "Collin, Alexander"]
[Result "1/2-1/2"]
[Termination "normal"]
[Board "5"]
[WhiteElo "1517"]
[BlackElo "1451"]
[PlyCount "70"]
[WhiteFideId "12987093"]
[BlackFideId "12946745"]
[EventCountry "GER"]
[EventRounds "11"]
[EventType "swiss"]
[EventDate "2013.05.18"]

1. e4 e6 2. d3 d5 3. Nd2 Nf6 4. g3 dxe4 5. dxe4 e5 6. Ngf3 Bc5 7. Bg2 O-O 8.
O-O Nc6 9. Qe2 Bg4 10. c3 Qe7 11. Nb3 Bd6 12. Bg5 h6 13. Bxf6 Qxf6 14. Rfd1
Rad8 15. Rac1 Be7 16. Nbd2 Rd7 17. Nf1 Rfd8 18. h3 Bxf3 19. Bxf3 Rxd1 20. Rxd1
Rxd1 21. Qxd1 Qd6 22. Qxd6 Bxd6 23. Ne3 b5 24. Nf5 Bc5 25. b4 Bb6 26. Be2 a6
27. Kf1 Kh7 28. a3 g6 29. Nh4 Kg7 30. g4 Ne7 31. Nf3 f6 32. c4 c6 33. c5 Bc7
34. Bd3 a5 35. Ke2 a4 1/2-1/2

[Event "DEM U10/U10w 2013"]
[Site "Oberhof GER"]
[Date "2013.05.24"]
[Round "10"]
[White "Suvorov, Alexander"]
[Black "Yankelevich, Michael"]
[Result "1-0"]
[Termination "normal"]
[Board "6"]
[WhiteElo "1397"]
[BlackElo "1644"]
[PlyCount "112"]
[WhiteFideId "12977063"]
[BlackFideId "12921440"]
[EventCountry "GER"]
[EventRounds "11"]
[EventType "swiss"]
[EventDate "2013.05.18"]

1. d4 d5 2. Nf3 Nf6 3. e3 e6 4. c4 c6 5. Nc3 Nbd7 6. Bd3 dxc4 7. Bxc4 b5 8. Bd3
Bb7 9. O-O Be7 10. Re1 a6 11. a3 O-O 12. Bd2 c5 13. Rc1 c4 14. Bb1 Nb6 15. Qe2
Rc8 16. e4 Qd7 17. e5 Bxf3 18. Qxf3 Ne8 19. Qe4 g6 20. Bh6 Ng7 21. Rcd1 Rfd8
22. Bxg7 Kxg7 23. Rd2 b4 24. axb4 Bxb4 25. Bc2 Nd5 26. Qf3 Qb7 27. Be4 Qd7 28.
Ra1 a5 29. Rdd1 Ne7 30. Na2 Nc6 31. Bxc6 Qxc6 32. Qxc6 Rxc6 33. Nxb4 axb4 34.
Rac1 c3 35. bxc3 Rxc3 36. Rxc3 bxc3 37. f3 f6 38. exf6+ Kxf6 39. Rc1 Rc8 40.
Kf2 e5 41. dxe5+ Kxe5 42. Ke3 c2 43. f4+ Kd5 44. g3 h5 45. Kd3 Rc4 46. Rxc2
Rxc2 47. Kxc2 Ke4 48. Kd2 Kf3 49. Kd3 Kg2 50. Ke2 Kxh2 51. Kf2 Kh3 52. Kf3 h4
53. g4 Kh2 54. Kf2 h3 55. g5 Kh1 56. f5 h2 1-0

[Event "DEM U10/U10w 2013"]
[Site "Oberhof GER"]
[Date "2013.05.24"]
[Round "10"]
[White "Dobrikov, Marco"]
[Black "Mücka, Cedric"]
[Result "1-0"]
[Termination "normal"]
[Board "7"]
[WhiteElo "1528"]
[BlackElo "1380"]
[PlyCount "67"]
[WhiteFideId "12950378"]
[BlackFideId "16217640"]
[EventCountry "GER"]
[EventRounds "11"]
[EventType "swiss"]
[EventDate "2013.05.18"]

1. e4 c5 2. Nc3 Nc6 3. g3 g6 4. Bg2 Bg7 5. d3 e6 6. f4 Nge7 7. Nf3 O-O 8. Be3
Nd4 9. O-O b6 10. Nxd4 cxd4 11. e5 Nc6 12. Bxd4 Ba6 13. Be3 Rc8 14. Re1 d5 15.
d4 Na5 16. Bf1 Bxf1 17. Rxf1 Nc4 18. Bc1 Qd7 19. Qd3 Rc7 20. Rf2 Rfc8 21. b3
Nxe5 22. fxe5 Rxc3 23. Qe2 Qc7 24. Ba3 Rxc2 25. Qf1 Bh6 26. Kh1 Rxf2 27. Qxf2
Qc3 28. Rf1 Rc7 29. Qf6 Rd7 30. Be7 Bf4 31. Rxf4 Qe1+ 32. Kg2 Qe2+ 33. Rf2 Qe4+
34. Kh3 1-0

[Event "DEM U10/U10w 2013"]
[Site "Oberhof GER"]
[Date "2013.05.24"]
[Round "10"]
[White "Suvorov, Luca"]
[Black "Bartelt, Max Peter"]
[Result "1-0"]
[Termination "normal"]
[Board "8"]
[WhiteElo "1551"]
[BlackElo "1356"]
[PlyCount "159"]
[WhiteFideId "12977071"]
[BlackFideId "12967289"]
[EventCountry "GER"]
[EventRounds "11"]
[EventType "swiss"]
[EventDate "2013.05.18"]

1. d4 e6 2. Nf3 Nf6 3. e3 d5 4. c4 c6 5. Nc3 Nbd7 6. b3 Bb4 7. Qc2 Ne4 8. Bd2
Nxd2 9. Nxd2 e5 10. cxd5 exd4 11. exd4 Bxc3 12. Qxc3 cxd5 13. Be2 O-O 14. O-O
Nf6 15. Bd3 Be6 16. Nf3 Ne4 17. Qb4 b6 18. Rfe1 Ng5 19. Ne5 Rc8 20. Qa4 Ra8 21.
f4 Ne4 22. Bxe4 dxe4 23. Rxe4 Bf5 24. Nc6 Bd7 25. Nxd8 Bxa4 26. Nxf7 Bxb3 27.
Nh6+ gxh6 28. axb3 a5 29. Kf2 Rac8 30. Kf3 Rc6 31. Rd1 Rd8 32. d5 Rcd6 33. Re5
Kf7 34. Ke4 Kf6 35. g4 b5 36. Rd4 Ra8 37. Kf3 a4 38. bxa4 bxa4 39. Re2 a3 40.
Ra2 Rb6 41. Rd3 Rb2 42. Rxb2 axb2 43. Rb3 Rd8 44. Rxb2 Rxd5 45. Rb6+ Kf7 46.
Rxh6 Kg7 47. Ke4 Rd1 48. g5 Ra1 49. h4 Ra4+ 50. Kf5 Ra5+ 51. Kg4 Ra1 52. h5
Rg1+ 53. Kf5 Ra1 54. Rf6 Ra5+ 55. Kg4 Ra1 56. h6+ Kg8 57. Rd6 Ra5 58. Rd8+ Kf7
59. Rh8 Kg6 60. Rg8+ Kf7 61. Rg7+ Kf8 62. Rxh7 Ra6 63. Rc7 Kg8 64. Kh5 Ra5 65.
Rc6 Ra7 66. Rc8+ Kf7 67. g6+ Kf6 68. Rf8+ Ke6 69. g7 Ra5+ 70. f5+ Rxf5+ 71.
Rxf5 Kxf5 72. g8=Q Ke4 73. h7 Ke5 74. h8=Q+ Ke4 75. Qhh7+ Ke5 76. Qe8+ Kd5 77.
Qhd7+ Kc4 78. Qec8+ Kb3 79. Qb5+ Ka2 80. Qca6# 1-0

[Event "DEM U10/U10w 2013"]
[Site "Oberhof GER"]
[Date "2013.05.24"]
[Round "10"]
[White "Breitzmann, Sander"]
[Black "Gheng, Dominik"]
[Result "0-1"]
[Termination "normal"]
[Board "10"]
[WhiteElo "1168"]
[BlackElo "1635"]
[PlyCount "106"]
[WhiteFideId "12987085"]
[BlackFideId "12906778"]
[EventCountry "GER"]
[EventRounds "11"]
[EventType "swiss"]
[EventDate "2013.05.18"]

1. e4 c5 2. Nf3 d6 3. d4 cxd4 4. Nxd4 Nf6 5. Nc3 g6 6. Be2 Bg7 7. O-O O-O 8.
Be3 Nc6 9. h3 d5 10. exd5 Nxd5 11. Nxd5 Qxd5 12. Nb5 Qxd1 13. Raxd1 Bf5 14. c3
Rfd8 15. Bf3 Bd3 16. Bxc6 bxc6 17. Nxa7 Bxf1 18. Rxd8+ Rxd8 19. Kxf1 Rd1+ 20.
Ke2 Rb1 21. b3 Bxc3 22. Nxc6 Rb2+ 23. Kd3 Bf6 24. Nb4 Rb1 25. Bd4 Rd1+ 26. Ke2
Rxd4 27. Nd3 Rd6 28. a4 Bc3 29. b4 Rd4 30. Ke3 Rc4 31. b5 Rxa4 32. b6 Bd4+ 33.
Kf3 Bxb6 34. g3 Ra3 35. Ke2 Rxd3 36. Kxd3 Bxf2 37. g4 e5 38. Ke4 Bd4 39. h4 f6
40. g5 f5+ 41. Kf3 e4+ 42. Ke2 f4 43. Kd2 Kf7 44. Ke2 Ke6 45. Kf1 Kf5 46. Ke2
Kg4 47. Kd2 f3 48. Kc2 f2 49. h5 f1=Q 50. hxg6 hxg6 51. Kb3 Qb5+ 52. Kc2 Qb2+
53. Kd1 Kf3 0-1

[Event "DEM U10/U10w 2013"]
[Site "Oberhof GER"]
[Date "2013.05.24"]
[Round "10"]
[White "Baladjaev, Leyla"]
[Black "Tschammer, Kai"]
[Result "0-1"]
[Termination "normal"]
[Board "11"]
[WhiteElo "1385"]
[BlackElo "1605"]
[PlyCount "66"]
[WhiteFideId "12960217"]
[BlackFideId "12939099"]
[EventCountry "GER"]
[EventRounds "11"]
[EventType "swiss"]
[EventDate "2013.05.18"]

1. d4 d5 2. Nf3 Nf6 3. g3 e6 4. Bg2 c5 5. O-O Nc6 6. b3 Be7 7. Bb2 O-O 8. e3
Re8 9. c4 Bd6 10. Qc2 Nb4 11. Qd1 b6 12. a3 Nc6 13. cxd5 exd5 14. Qc2 Bd7 15.
Nbd2 Qc8 16. Rfe1 Bf5 17. Qc1 Qd7 18. dxc5 bxc5 19. Bxf6 gxf6 20. Qc3 Ne5 21.
Rad1 Bg4 22. e4 d4 23. Qc2 Qb5 24. Nc4 Bxf3 25. Nxd6 Bxd1 26. Nxb5 Bxc2 27. Nc7
Rac8 28. Nxe8 Rxe8 29. Rc1 d3 30. f4 d2 31. Rf1 d1=Q 32. Rxd1 Bxd1 33. fxe5
Rxe5 0-1

[Event "DEM U10/U10w 2013"]
[Site "Oberhof GER"]
[Date "2013.05.24"]
[Round "10"]
[White "Burian, Simon"]
[Black "Dietz, Florian"]
[Result "0-1"]
[Termination "normal"]
[Board "12"]
[WhiteElo "1370"]
[BlackElo "1445"]
[PlyCount "72"]
[WhiteFideId "12956902"]
[BlackFideId "12939897"]
[EventCountry "GER"]
[EventRounds "11"]
[EventType "swiss"]
[EventDate "2013.05.18"]

1. e4 c5 2. Nf3 d6 3. d4 cxd4 4. Nxd4 Nf6 5. Nc3 g6 6. Be3 Bg7 7. f3 O-O 8. Qd2
Nc6 9. O-O-O d5 10. Nxc6 bxc6 11. exd5 cxd5 12. Nxd5 Nxd5 13. Qxd5 Qc7 14. Qxa8
Bf5 15. Qxf8+ Bxf8 16. Bd3 Be6 17. Kb1 Qa5 18. a3 Qe5 19. f4 Qxe3 20. g3 Qb6
21. h4 Bg7 22. b4 Qd4 23. Kc1 Qb2+ 24. Kd2 Qxa3 25. b5 Bc3+ 26. Ke2 Bg4+ 27.
Kf2 Bxd1 28. Rxd1 Qc5+ 29. Kf1 Qh5 30. Be2 Qc5 31. g4 Qe3 32. h5 Qxf4+ 33. Kg2
Qe4+ 34. Bf3 Qxc2+ 35. Kh3 Be5 36. Rh1 Qf2 0-1

[Event "DEM U10/U10w 2013"]
[Site "Oberhof GER"]
[Date "2013.05.24"]
[Round "10"]
[White "Lieberwirth, Kasimir"]
[Black "Huber, Benedikt"]
[Result "0-1"]
[Termination "normal"]
[Board "13"]
[WhiteElo "1433"]
[BlackElo "1689"]
[PlyCount "48"]
[WhiteFideId "12988146"]
[BlackFideId "12923583"]
[EventCountry "GER"]
[EventRounds "11"]
[EventType "swiss"]
[EventDate "2013.05.18"]

1. e4 e6 2. d4 d5 3. Nc3 Nf6 4. Bg5 dxe4 5. Nxe4 Be7 6. Nxf6+ Bxf6 7. Bxf6 Qxf6
8. Bd3 Nd7 9. Nf3 O-O 10. O-O c5 11. c3 b6 12. Be4 Rb8 13. Re1 Qe7 14. d5 Nf6
15. Bc2 Rd8 16. c4 Qb7 17. Re5 exd5 18. cxd5 Rxd5 19. Rxd5 Nxd5 20. Qd3 g6 21.
Re1 Be6 22. Ng5 Nb4 23. Qc3 Nxa2 24. Nxe6 Nxc3 0-1

[Event "DEM U10/U10w 2013"]
[Site "Oberhof GER"]
[Date "2013.05.24"]
[Round "10"]
[White "Stork, Oliver"]
[Black "Bui, Julia"]
[Result "1-0"]
[Termination "normal"]
[Board "14"]
[WhiteElo "1604"]
[BlackElo "1260"]
[PlyCount "115"]
[WhiteFideId "12955728"]
[BlackFideId "12977055"]
[EventCountry "GER"]
[EventRounds "11"]
[EventType "swiss"]
[EventDate "2013.05.18"]

1. e4 c5 2. Nc3 Nc6 3. Nf3 g6 4. d4 cxd4 5. Nxd4 Bg7 6. Be3 Nf6 7. Be2 O-O 8.
Qd2 d6 9. f3 Nxd4 10. Bxd4 a6 11. Be3 b5 12. Bh6 b4 13. Nd1 a5 14. Bxg7 Kxg7
15. g4 Qb6 16. Qe3 Qxe3 17. Nxe3 Be6 18. h4 a4 19. a3 bxa3 20. bxa3 Rfc8 21.
Kf2 Nd7 22. Rab1 Nc5 23. h5 Rcb8 24. h6+ Kg8 25. Bc4 Bxc4 26. Nxc4 f6 27. Ke3
Kf7 28. f4 Rd8 29. Rb5 Rdb8 30. Rhb1 Rxb5 31. Rxb5 Ke8 32. e5 Kd7 33. Rxc5 dxc5
34. Nb6+ Kc7 35. Nxa8+ Kb7 36. exf6 exf6 37. Ke4 Kxa8 38. Kd5 f5 39. g5 Kb7 40.
Kxc5 Kc7 41. Kb5 Kd6 42. Kxa4 Kd5 43. Kb5 Ke4 44. a4 Kxf4 45. a5 Kxg5 46. a6
Kxh6 47. a7 Kh5 48. a8=Q Kh6 49. Qf3 Kg5 50. Qg3+ Kh6 51. c4 g5 52. c5 Kh5 53.
Qh3+ Kg6 54. c6 h6 55. c7 f4 56. c8=Q h5 57. Qhf5+ Kh6 58. Qh8# 1-0

[Event "DEM U10/U10w 2013"]
[Site "Oberhof GER"]
[Date "2013.05.24"]
[Round "10"]
[White "Gelfenbaum, Daniel"]
[Black "Wagner, Benjamin"]
[Result "0-1"]
[Termination "normal"]
[Board "15"]
[WhiteElo "1055"]
[BlackElo "1468"]
[PlyCount "100"]
[WhiteFideId "12965634"]
[BlackFideId "12957330"]
[EventCountry "GER"]
[EventRounds "11"]
[EventType "swiss"]
[EventDate "2013.05.18"]

1. e4 e5 2. Nf3 Nc6 3. Nc3 Nf6 4. d4 exd4 5. Nxd4 Bb4 6. Nxc6 bxc6 7. Bd3 O-O
8. O-O d5 9. exd5 cxd5 10. Bg5 Bxc3 11. bxc3 h6 12. Bh4 Rb8 13. Qf3 Rb6 14.
Rab1 Rc6 15. c4 Re8 16. Bxf6 Rxf6 17. Qxd5 Qxd5 18. cxd5 Rd6 19. Rfd1 Red8 20.
Rb8 Rxd5 21. g3 Bf5 22. Rxd8+ Rxd8 23. Be2 Rxd1+ 24. Bxd1 f6 25. f4 Kf7 26. Kf2
Ke6 27. c4 Kd6 28. Ke3 Kc5 29. Bb3 a6 30. a3 a5 31. h4 g6 32. a4 Kb4 33. Bd1
Kxc4 34. g4 Bd7 35. Bc2 f5 36. g5 h5 37. Bd1 Kc3 38. Ke2 Kd4 39. Bb3 Be8 40.
Kf3 c5 41. Bd1 Bc6+ 42. Kg3 Ke3 43. Bb3 Be8 44. Bd1 c4 45. Kg2 Kxf4 46. Kf2 c3
47. Bc2 Kg4 48. Ke3 Kxh4 49. Kd3 Kxg5 50. Kxc3 h4 0-1

[Event "DEM U10/U10w 2013"]
[Site "Oberhof GER"]
[Date "2013.05.24"]
[Round "10"]
[White "Zimmer, Raphael"]
[Black "Hommel, Niclas"]
[Result "1-0"]
[Termination "normal"]
[Board "16"]
[WhiteElo "1369"]
[BlackElo "1197"]
[PlyCount "121"]
[WhiteFideId "12978841"]
[BlackFideId "12974927"]
[EventCountry "GER"]
[EventRounds "11"]
[EventType "swiss"]
[EventDate "2013.05.18"]

1. e4 c5 2. Nf3 Nc6 3. d4 cxd4 4. Nxd4 e5 5. Nb5 a6 6. Nd6+ Bxd6 7. Qxd6 Qf6 8.
Qxf6 Nxf6 9. Nc3 d5 10. f3 Nb4 11. Bd3 d4 12. Ne2 O-O 13. Bg5 Nd7 14. O-O Nxd3
15. cxd3 f6 16. Bh4 Nc5 17. Rfd1 Be6 18. Rac1 Rac8 19. b3 Nd7 20. f4 Bg4 21.
Rxc8 Rxc8 22. Re1 Rc2 23. Nc1 b5 24. h3 Be6 25. f5 Bf7 26. Bf2 Kf8 27. g4 Ke7
28. Kg2 Kd6 29. a3 Rc3 30. Rd1 Bxb3 31. Nxb3 Rxb3 32. Be1 Ke7 33. h4 h6 34. Kf3
Ke8 35. Bb4 a5 36. Bd6 Rc3 37. g5 Rc6 38. gxf6 gxf6 39. Kg4 Rxd6 40. Kh5 Kf7
41. Kxh6 Rc6 42. Rg1 Nf8 43. Rg7+ Ke8 44. Rb7 b4 45. axb4 axb4 46. Rxb4 Rc7 47.
Rb8+ Kf7 48. Rb6 Nd7 49. Ra6 Rc8 50. Kh7 Nf8+ 51. Kh6 Nd7 52. Kh7 Rg8 53. Ra7
Rd8 54. h5 Kf8 55. Kg6 Kg8 56. h6 Kh8 57. Kf7 Nc5 58. Ra3 Rd6 59. Kg6 Rd8 60.
Kxf6 Nd7+ 61. Ke7 1-0

[Event "DEM U10/U10w 2013"]
[Site "Oberhof GER"]
[Date "2013.05.24"]
[Round "10"]
[White "Henning, Marvin"]
[Black "Kukulina, Sonja"]
[Result "1-0"]
[Termination "normal"]
[Board "17"]
[WhiteElo "1342"]
[BlackElo "1184"]
[PlyCount "147"]
[WhiteFideId "12957399"]
[BlackFideId "12977047"]
[EventCountry "GER"]
[EventRounds "11"]
[EventType "swiss"]
[EventDate "2013.05.18"]

1. e4 e5 2. Nf3 Nc6 3. Bb5 a6 4. Ba4 d6 5. O-O Bd7 6. d4 b5 7. Bb3 Nxd4 8. Nxd4
exd4 9. a4 c5 10. Bd5 Rb8 11. Qf3 Nf6 12. axb5 Bxb5 13. Re1 Be7 14. Qg3 O-O 15.
Bh6 Nh5 16. Qg4 Bd7 17. Qxh5 gxh6 18. Ra3 Be6 19. Rg3+ Kh8 20. Bxe6 fxe6 21.
Qxh6 Bf6 22. b3 Rg8 23. Rf1 Be5 24. Rh3 Qe7 25. f4 Bf6 26. Nd2 Rg6 27. Qh5 Rbg8
28. Rf2 Qg7 29. g3 e5 30. f5 Rg5 31. Qe2 Rg4 32. Rg2 Bg5 33. Nc4 Be7 34. Nb6
Qg5 35. Nd5 Qc1+ 36. Qf1 Qxf1+ 37. Kxf1 Bg5 38. Re2 Rc8 39. Kg2 Bd8 40. Rh6 Rc6
41. Re6 Kg7 42. Kf2 Bb6 43. h4 Kf7 44. Re7+ Kf8 45. Rxh7 c4 46. Rh8+ Rg8 47.
Rxg8+ Kxg8 48. Ne7+ Kf8 49. Nxc6 d3+ 50. Ke1 dxe2 51. Kxe2 cxb3 52. cxb3 Kf7
53. g4 Bg1 54. g5 Bh2 55. h5 Bf4 56. g6+ Kf6 57. Nb4 a5 58. Nd5+ Kg7 59. Nxf4
exf4 60. Kf3 d5 61. Kxf4 d4 62. e5 d3 63. Ke3 a4 64. bxa4 d2 65. Kxd2 Kg8 66.
f6 Kh8 67. e6 Kg8 68. a5 Kf8 69. a6 Ke8 70. a7 Kd8 71. a8=Q+ Kc7 72. Qa6 Kd8
73. Qb7 Ke8 74. Qb8# 1-0

[Event "DEM U10/U10w 2013"]
[Site "Oberhof GER"]
[Date "2013.05.24"]
[Round "10"]
[White "Grund, Sebastian"]
[Black "Buchloh, Adrian"]
[Result "1/2-1/2"]
[Termination "normal"]
[Board "19"]
[WhiteElo "1231"]
[BlackElo "1141"]
[PlyCount "57"]
[WhiteFideId "12988626"]
[BlackFideId "12960675"]
[EventCountry "GER"]
[EventRounds "11"]
[EventType "swiss"]
[EventDate "2013.05.18"]

1. c4 e5 2. g3 d6 3. Bg2 Nc6 4. Nc3 Be6 5. b3 Qd7 6. e3 Bg4 7. Nge2 Rb8 8. Bb2
Nf6 9. O-O Bh3 10. d4 Bxg2 11. Kxg2 h5 12. dxe5 Nxe5 13. f3 Qc6 14. Nd4 Qd7 15.
Ne4 c5 16. Ne2 h4 17. Bxe5 dxe5 18. Nxf6+ gxf6 19. Qxd7+ Kxd7 20. Nc3 hxg3 21.
hxg3 Bh6 22. Rad1+ Ke6 23. e4 Rbd8 24. Nd5 Rd7 25. Rh1 Bg7 26. Rxh8 Bxh8 27.
Rh1 Rd8 28. Rd1 Bg7 29. Nc7+ 1/2-1/2

[Event "DEM U10/U10w 2013"]
[Site "Oberhof GER"]
[Date "2013.05.24"]
[Round "10"]
[White "Khamenya, Vitalia"]
[Black "Berelowitsch, Dana"]
[Result "1-0"]
[Termination "normal"]
[Board "20"]
[WhiteElo "1210"]
[BlackElo "981"]
[PlyCount "53"]
[WhiteFideId "12959260"]
[BlackFideId "12977144"]
[EventCountry "GER"]
[EventRounds "11"]
[EventType "swiss"]
[EventDate "2013.05.18"]

1. e4 d5 2. exd5 Qxd5 3. Nc3 Qa5 4. d4 Nf6 5. Nf3 Bg4 6. Be2 Nc6 7. O-O O-O-O
8. h3 Bh5 9. Be3 e5 10. Bd2 exd4 11. Nb5 Qb6 12. Rb1 a6 13. Na3 Bd6 14. Bg5
Rhe8 15. Nc4 Qc5 16. Ncd2 Rd7 17. Bxf6 gxf6 18. Bd3 h6 19. Ne4 Bxf3 20. Qxf3
Ne5 21. Qf5 Nf3+ 22. Qxf3 Qe5 23. Qg3 Qe6 24. Nxd6+ Rxd6 25. Rfe1 Qd7 26. Qf3
Rg8 27. Bf5 1-0

[Event "DEM U10/U10w 2013"]
[Site "Oberhof GER"]
[Date "2013.05.24"]
[Round "10"]
[White "Ruppert, Paula"]
[Black "Weishäutel, Moritz"]
[Result "1/2-1/2"]
[Termination "normal"]
[Board "21"]
[WhiteElo "989"]
[BlackElo "1431"]
[PlyCount "112"]
[WhiteFideId "12979996"]
[BlackFideId "12967300"]
[EventCountry "GER"]
[EventRounds "11"]
[EventType "swiss"]
[EventDate "2013.05.18"]

1. e4 e5 2. Nf3 Nc6 3. d4 exd4 4. Bc4 Nf6 5. e5 d5 6. Bb5 Ne4 7. Nxd4 Bd7 8.
O-O Nxd4 9. Bxd7+ Qxd7 10. Qxd4 Bc5 11. Qd1 O-O-O 12. Nc3 Nxc3 13. bxc3 Qf5 14.
Qe2 Rhe8 15. Qb5 b6 16. Qa6+ Kb8 17. Qe2 Rxe5 18. Qd3 Rde8 19. Bb2 Qxd3 20.
cxd3 Re2 21. Rab1 Rc2 22. d4 Bd6 23. Rfc1 Rxb2 24. Rxb2 Ba3 25. Rbc2 Bxc1 26.
Rxc1 Re2 27. a4 Kb7 28. Kf1 Ra2 29. Re1 Rxa4 30. Re7 Ra1+ 31. Ke2 a5 32. Rxf7
a4 33. Kd2 a3 34. Kc2 Rd1 35. Kb3 Rd2 36. Kxa3 Rc2 37. Kb3 Re2 38. Rxg7 Rxf2
39. Rxh7 Rxg2 40. h4 Rh2 41. h5 Kc6 42. c4 Rh3+ 43. Kb4 Rh4 44. Kb3 dxc4+ 45.
Kxc4 b5+ 46. Kd3 Kd5 47. Rxc7 Rxd4+ 48. Kc3 Rh4 49. Rb7 Kc6 50. Rh7 b4+ 51. Kb3
Kc5 52. Ra7 Rh3+ 53. Kc2 b3+ 54. Kb2 Kc4 55. Rc7+ Kb4 56. Rb7+ Ka4 1/2-1/2

[Event "DEM U10/U10w 2013"]
[Site "Oberhof GER"]
[Date "2013.05.24"]
[Round "10"]
[White "Hüls, Maximilian"]
[Black "Bünte, Kirsten"]
[Result "1-0"]
[Termination "normal"]
[Board "22"]
[WhiteElo "1617"]
[BlackElo "1182"]
[PlyCount "87"]
[WhiteFideId "12949698"]
[BlackFideId "16200535"]
[EventCountry "GER"]
[EventRounds "11"]
[EventType "swiss"]
[EventDate "2013.05.18"]

1. d4 d5 2. e3 Nf6 3. f4 e6 4. Nf3 Nc6 5. Bd3 Bd6 6. Nbd2 Bd7 7. O-O O-O 8. Ne5
Ne7 9. g4 Bxe5 10. fxe5 Ne8 11. b3 f6 12. Qf3 Nc6 13. Ba3 Rf7 14. g5 f5 15. h4
g6 16. Qf4 h5 17. gxh6 Rh7 18. Qg5 Qxg5+ 19. hxg5 Nd8 20. c4 c6 21. Nf3 a6 22.
Rab1 b5 23. Nh4 Kf7 24. Nf3 Nb7 25. Nh2 Na5 26. Bb4 Nb7 27. Ng4 a5 28. Bd2 c5
29. Nf6 Nxf6 30. exf6 b4 31. Rbc1 Rc8 32. cxd5 exd5 33. Ba6 Rc7 34. Bxb7 Rxb7
35. Rxc5 Ra7 36. Rfc1 Ke6 37. Rc7 Ra8 38. R1c6+ Bxc6 39. Rxh7 Re8 40. Rg7 Rh8
41. Rxg6 Rh7 42. Rg7 Rh8 43. f7 Rf8 44. h7 1-0

[Event "DEM U10/U10w 2013"]
[Site "Oberhof GER"]
[Date "2013.05.24"]
[Round "10"]
[White "Nguyen, Alex Dac-Vuong"]
[Black "Kublanov, Elizabeth"]
[Result "1-0"]
[Termination "normal"]
[Board "23"]
[WhiteElo "1401"]
[BlackElo "1103"]
[PlyCount "121"]
[WhiteFideId "12984388"]
[BlackFideId "12944564"]
[EventCountry "GER"]
[EventRounds "11"]
[EventType "swiss"]
[EventDate "2013.05.18"]

1. e4 e5 2. Nf3 Nc6 3. d4 exd4 4. Bc4 Bc5 5. c3 dxc3 6. Bxf7+ Kxf7 7. Qd5+ Ke8
8. Qh5+ Kf8 9. Qxc5+ d6 10. Qc4 Qe7 11. Nxc3 Be6 12. Qe2 Ke8 13. O-O Kd7 14.
Bg5 Qf8 15. Qd3 Re8 16. e5 Kc8 17. exd6 Qxd6 18. Qxd6 cxd6 19. Rad1 Kc7 20.
Nb5+ Kb8 21. Rfe1 Bd7 22. Rxe8+ Bxe8 23. Rxd6 a6 24. Nc3 Bg6 25. Bf4 Ka7 26.
Rd7 Nge7 27. Ne5 Rg8 28. Nxg6 Nxg6 29. Be3+ Ka8 30. Nd5 Nge5 31. Nb6+ Kb8 32.
Bf4 Ka7 33. Bxe5 Nxe5 34. Rd6 Re8 35. Na4 Nd3 36. g3 Re1+ 37. Kg2 Rd1 38. Re6
Rd2 39. Kf3 Nxb2 40. Nxb2 Rxb2 41. a3 Ra2 42. Re7 Rxa3+ 43. Kg2 Rd3 44. Rxg7 a5
45. Rxh7 a4 46. Rh4 Ra3 47. Rd4 b5 48. h4 Rc3 49. g4 a3 50. Rd2 b4 51. h5 Rc7
52. Ra2 Kb6 53. g5 Rc5 54. f4 Rf5 55. Kg3 Ra5 56. h6 b3 57. h7 b2 58. h8=Q b1=Q
59. Qb8+ Ka6 60. Qxb1 Ka7 61. Rc2 1-0